Загрузка...

Chhayavadi kavya ka manovaijnanik vishleshan/

Библиографические подробности
Главный автор: Shyamnandan Kishor
Формат: Printed Book
Опубликовано: Delhi: Arya Prakashan Mandal, 2000.
LEADER 00386nam a22001097a 4500
100 |a Shyamnandan Kishor 
245 |a Chhayavadi kavya ka manovaijnanik vishleshan/   |c Shyamnandan Kishor 
260 |a Delhi:  |b Arya Prakashan Mandal,  |c 2000. 
300 |a 184p. 
942 |2 ddc  |c BK 
999 |c 243469  |d 243469 
952 |0 0  |1 0  |4 0  |7 0  |9 270035  |a HIN  |b HIN  |c S-16  |d 2012-04-19  |i 17737  |l 0  |p HIN17737  |r 2014-02-07  |w 2014-02-07  |y BK